Králiky kraľujú v družstevnej maštali

Predseda Poľnohospodárskeho družstva Čataj Ing. Jaroslav Šmahel o hospodárení družstva po jeho transformácii. Od r. 1993 v živočíšnej výrobe len ošípané a králiky. Veľký záujem o králiky zo zahraničia, minimálny na Slovensku. Prednosti bieleho plemena Hýla. Ťažkosti s administratívou pri vývoze král...

Descrizione completa

Salvato in:
Dettagli Bibliografici
Autore principale: Šmahel, J.
Altri autori: Zábojníková, M.
Natura: Capitolo di libro
Lingua:slovacco
Soggetti:
Tags: Aggiungi Tag
Nessun Tag, puoi essere il primo ad aggiungerne!!

MARC

LEADER 00000naa a2200000 4500
001 r027183
005 20230824091352.0
041 0 |a slo 
044 |a SK 
245 1 0 |a Králiky kraľujú v družstevnej maštali  |c J. Šmahel, M. Zábojníková 
520 |a Predseda Poľnohospodárskeho družstva Čataj Ing. Jaroslav Šmahel o hospodárení družstva po jeho transformácii. Od r. 1993 v živočíšnej výrobe len ošípané a králiky. Veľký záujem o králiky zo zahraničia, minimálny na Slovensku. Prednosti bieleho plemena Hýla. Ťažkosti s administratívou pri vývoze králikov. 
610 2 0 |a Slovensko 
610 2 0 |a 1997 
610 2 0 |a Čataj 
610 2 0 |a chov zvierat 
610 2 0 |a družstvá poľnohospodárske 
610 2 0 |a výroba živočíšna 
100 1 |a Šmahel, J. 
700 1 |a Zábojníková, M.